Globálna a krajinná ekológia vysokoškolská učebnica pre poslucháčov Stredoeurópskej vysokej školy v Skalici

Guardado en:
Detalles Bibliográficos
Autor principal: Piatrik, Milan
Otros Autores: Kollár, Vojtech, Rusko, Miroslav
Formato: Libro
Lenguaje:eslovaco
Publicado: Skalica SEVŠ 2008
Materias:
Etiquetas: Agregar Etiqueta
Sin Etiquetas, Sea el primero en etiquetar este registro!

MARC

LEADER 00000nam$a2200000$$$4500
001 0075204
005 20240502071901.6
020 |a 978-80-969700-4-9 
041 0 |a slo 
044 |a SK 
245 1 0 |a Globálna a krajinná ekológia  |b vysokoškolská učebnica pre poslucháčov Stredoeurópskej vysokej školy v Skalici  |c Milan Piatrik, Vojtech Kollár, Miroslav Rusko 
264 1 |a Skalica  |b SEVŠ  |c 2008 
300 |a 316 s. 
610 2 0 |a ekológia krajiny 
610 2 0 |a ekológia 
610 2 0 |a globalizácia 
610 2 0 |a prostredie životné 
610 2 0 |a znečistenie ovzdušia 
610 2 0 |a znečistenie pôdy 
610 2 0 |a znečistenie prostredia životného 
610 2 0 |a znečistenie vôd 
100 1 |a Piatrik, Milan 
700 1 |a Kollár, Vojtech 
700 1 |a Rusko, Miroslav